Concepts of programming laguages / (Record no. 14272)
[ view plain ]
| 000 -LEADER | |
|---|---|
| fixed length control field | 00673nam a2200205 a 4500 |
| 003 - CONTROL NUMBER IDENTIFIER | |
| control field | PILC |
| 005 - DATE AND TIME OF LATEST TRANSACTION | |
| control field | 20150112093428.0 |
| 008 - FIXED-LENGTH DATA ELEMENTS--GENERAL INFORMATION | |
| fixed length control field | 100713s19uu xx 00 eng d |
| 022 ## - INTERNATIONAL STANDARD SERIAL NUMBER | |
| Source | 9789812470508 |
| 050 ## - LIBRARY OF CONGRESS CALL NUMBER | |
| Classification number | QA 76.7 |
| Item number | .Se443 2004 |
| 082 ## - DEWEY DECIMAL CLASSIFICATION NUMBER | |
| Classification number | CSF 005.13 |
| Item number | Se2 2004 |
| 100 ## - MAIN ENTRY--PERSONAL NAME | |
| Personal name | Sebesta, Robert W. |
| 9 (RLIN) | 7071 |
| 245 ## - TITLE STATEMENT | |
| Title | Concepts of programming laguages / |
| Statement of responsibility, etc | Robert W. Sebesta. |
| 250 ## - EDITION STATEMENT | |
| Edition statement | 6th ed. |
| 260 ## - PUBLICATION, DISTRIBUTION, ETC. (IMPRINT) | |
| Place of publication, distribution, etc | New Jersey : |
| Name of publisher, distributor, etc | Pearson Education, Inc, |
| Date of publication, distribution, etc | 2004. |
| 300 ## - PHYSICAL DESCRIPTION | |
| Extent | 677 pages : |
| Other physical details | illustration ; |
| Dimensions | 23 cm. |
| 500 ## - GENERAL NOTE | |
| General note | Includes index. |
| 650 ## - SUBJECT ADDED ENTRY--TOPICAL TERM | |
| Topical term or geographic name as entry element | Programming languages |
| General subdivision | Software programming languages |
| -- | Computer- programming languages |
| 9 (RLIN) | 7072 |
| 942 ## - ADDED ENTRY ELEMENTS (KOHA) | |
| Source of classification or shelving scheme | Library of Congress Classification |
| Koha item type | Books |
| Withdrawn status | Lost status | Source of classification or shelving scheme | Damaged status | Home library | Current library | Shelving location | Date acquired | Total Checkouts | Full call number | Barcode | Date last seen | Copy number | Price effective from | Koha item type |
|---|---|---|---|---|---|---|---|---|---|---|---|---|---|---|
| Library of Congress Classification | Southville International School Affiliated with Foreign Universities Library | Southville International School Affiliated with Foreign Universities Library | Southville Foreign University Section | 07/31/2013 | QA 76.7 .Se443 2004 | SFU0095 | 05/15/2018 | 1 | 07/31/2013 | Books | ||||
| Library of Congress Classification | Southville International School Affiliated with Foreign Universities Library | Southville International School Affiliated with Foreign Universities Library | Southville Foreign University Section | 07/31/2013 | QA 76.7 .Se443 2004 | SFU0096 | 05/15/2018 | 2 | 07/31/2013 | Books | ||||
| Library of Congress Classification | Southville International School Affiliated with Foreign Universities Library | Southville International School Affiliated with Foreign Universities Library | Southville Foreign University Section | 07/31/2013 | QA 76.7 .Se443 2004 | SFU0097 | 05/15/2018 | 3 | 07/31/2013 | Books |